|
|
|
|
| LEADER |
01092nam a2200313 4500 |
| 001 |
DLU210196745 |
| 005 |
##20210709 |
| 040 |
# |
# |
|a DLU
|b vie
|
| 041 |
# |
# |
|a vie
|
| 044 |
# |
# |
|a vn
|
| 100 |
# |
# |
|a Đặng Minh Đức.
|
| 245 |
# |
# |
|a Các nhân tố quốc tế tác động đến việc thực hiện nguyên tắc pháp quyền ở Liên minh Châu Âu /
|c Đặng Minh Đức, Chử Thị Nhuần, Trịnh Thị Hiền.
|
| 653 |
# |
# |
|a Luật pháp
|
| 653 |
# |
# |
|a Nguyên tắc pháp quyền
|
| 653 |
# |
# |
|a Pháp quyền
|
| 653 |
# |
# |
|a Quản lý nhà nước
|
| 700 |
# |
# |
|a Chử Thị Nhuần.
|
| 700 |
# |
# |
|a Trịnh Thị Hiền.
|
| 773 |
# |
# |
|t Nghiên cứu Châu Âu
|g Số 6(213), 2018, tr. 27-38
|
| 920 |
# |
# |
|a Phòng Tạp chí -- Trung tâm Thông tin - Thư viện Trường Đại học Đà Lạt
|
| 933 |
# |
# |
|a XH
|
| 994 |
# |
# |
|a DLU
|
| 900 |
# |
# |
|a True
|
| 911 |
# |
# |
|a Hoàng Thị Huyền
|
| 925 |
# |
# |
|a G
|
| 926 |
# |
# |
|a A
|
| 927 |
# |
# |
|a BB
|
| 980 |
# |
# |
|a Thư viện Trường Đại học Đà Lạt
|